000 01351nam a2200229Ia 4500
003 Ost
005 20260507075052.0
008 260507s9999||||xx |||||||||||||| ||und||
040 _cfsecg
041 _aara
082 _a658
100 _aماهر، أحمد
_eمؤلف
245 0 _aاقتصاديات الادارة :
_bدراسات الجدوى والخصخصة الانتاجية /
_c أحمد ماهر
260 _aالاسكندرية:
_bالدار الجامعية,
_c[دون تاريخ]
300 _a488 صفحة؛
_bإيضاحات ؛
_c23 سم
520 _aمقدمة في اقتصاديات الادارة، الانتاجية، مبادئ الانتاجية، قياس الانتاجية وتحسينها، دراسة الجدوى، اكتشاف الفرص الاستثمارية، خطوات دراسة الجدوى، الخصخصة،...ماهي؟ولماذا؟ قرارات الخصخصة صنعا وتنفيدا، طرق الخصخصة، البيع وعقود الادارة، تقييم الشركات العامة بفرض تحويلها، اعادة هيكلة القطاع العام، اعادة هيكلة الشركة، ادارة الشركات في ظل الخصخصة
653 _aالادارة
653 _aالاستثمار
653 _aالإقتصاد
653 _aالانتاجية
942 _cكتاب
999 _c42676
_d42676